<?xml version="1.0" encoding="UTF-8"?><?xml-stylesheet type="text/xsl" href="static/style.xsl"?><OAI-PMH xmlns="http://www.openarchives.org/OAI/2.0/" xmlns:xsi="http://www.w3.org/2001/XMLSchema-instance" xsi:schemaLocation="http://www.openarchives.org/OAI/2.0/ http://www.openarchives.org/OAI/2.0/OAI-PMH.xsd"><responseDate>2026-04-17T11:35:00Z</responseDate><request verb="GetRecord" identifier="oai:www.recercat.cat:2072/520666" metadataPrefix="marc">https://recercat.cat/oai/request</request><GetRecord><record><header><identifier>oai:recercat.cat:2072/520666</identifier><datestamp>2024-12-23T18:33:24Z</datestamp><setSpec>com_2072_352786</setSpec><setSpec>com_2072_351515</setSpec><setSpec>com_2072_1741</setSpec><setSpec>col_2072_352788</setSpec></header><metadata><record xmlns="http://www.loc.gov/MARC21/slim" xmlns:dcterms="http://purl.org/dc/terms/" xmlns:xsi="http://www.w3.org/2001/XMLSchema-instance" xmlns:doc="http://www.lyncode.com/xoai" xsi:schemaLocation="http://www.loc.gov/MARC21/slim http://www.loc.gov/standards/marcxml/schema/MARC21slim.xsd">
   <leader>00925njm 22002777a 4500</leader>
   <datafield ind2=" " ind1=" " tag="042">
      <subfield code="a">dc</subfield>
   </datafield>
   <datafield ind2=" " ind1=" " tag="720">
      <subfield code="a">Pascual, Xavier</subfield>
      <subfield code="e">author</subfield>
   </datafield>
   <datafield ind2=" " ind1=" " tag="720">
      <subfield code="a">Montori i Faura, Albert</subfield>
      <subfield code="e">author</subfield>
   </datafield>
   <datafield ind2=" " ind1=" " tag="260">
      <subfield code="c">1981</subfield>
   </datafield>
   <datafield ind2=" " ind1=" " tag="520">
      <subfield code="a">The area of the Montseny mountain whre the population of Rana temporaria lives is
described. That mountain is part of the Catalonian Prelitoral System, so that it is clearly
influenced by the mediterranean climate. Nevertheless, the higher points of the mountain
are inhabited by some population of species evidently european as R. temporaria. For this
species, the locality is the meridional distribution limit in the NE. of the Iberian Peninsula.
The estimate of population size and population density have been calculated using several
capture-recapture methods. Joiley's method has yielded a value of 820 individuals
distributed in an area of 2.5 Ha. Jackson's negative method gave a total of 1333 individual
and its positive and modified application yields a total of 894 individuals. The latter
method is the most adequate to the characteristics of the sampling done. These results, to
which we have to refer as the number of adult individuals, show that the population is moderately
high. The sex-ratio is highly favourable to males, since considering al1 captures
and observation data, it has been obtained a value of 0.28, giving in consequences the mate
of al1 the females.</subfield>
   </datafield>
   <datafield ind1="8" ind2=" " tag="024">
      <subfield code="a">http://hdl.handle.net/2072/520666</subfield>
   </datafield>
   <datafield ind2="0" ind1="0" tag="245">
      <subfield code="a">Contribución al conocimiento de Rana temporaria L. (Amphibia, Ranidae) en Sta. Fe del Montseny (Barcelona): I. Descripción de la zona y estima de la población</subfield>
   </datafield>
</record></metadata></record></GetRecord></OAI-PMH>